Περιβαλλοντικός γραμματισμός : η σημασία του στην περιβαλλοντική εκπαίδευση : μεταπτυχιακή διπλωματική εργασία

Αποθηκεύτηκε σε:
Λεπτομέρειες βιβλιογραφικής εγγραφής
Κύριος συγγραφέας: Σιαμάγκας, Θεόδωρος
Συγγραφή απο Οργανισμό/Αρχή: Πανεπιστήμιο Αιγαίου Σχολή Ανθρωπιστικών Επιστημών Τμήμα Επιστημών της Προσχολικής Αγωγής και του Εκπαιδευτικού Σχεδιασμού Πρόγραμμα Μεταπτυχιακών Σπουδών Περιβαλλοντική Εκπαίδευση
Άλλοι συγγραφείς: Θεοδωροπούλου, Έλενα Κ. (Εισηγητής διατριβής)
Μορφή: Thesis Βιβλίο
Γλώσσα:Greek
Δημοσίευση: 2009
Θέματα:
Διαθέσιμο Online:http://hdl.handle.net/11610/15698
Ετικέτες: Προσθήκη ετικέτας
Δεν υπάρχουν, Καταχωρήστε ετικέτα πρώτοι!

MARC

LEADER 00000cam a2200000 i 4500
001 1/3728
008 100127s2009 gre d
035 |l 10106479 
040 |a GR-MY-UA  |b gre  |e aacr 
041 0 |a gre 
082 0 |a 333.707  |2 (22) 
100 1 |a Σιαμάγκας, Θεόδωρος. 
245 1 0 |a Περιβαλλοντικός γραμματισμός :  |b η σημασία του στην περιβαλλοντική εκπαίδευση : μεταπτυχιακή διπλωματική εργασία /  |c Σιαμάγκας Θεόδωρος ; επιβλέπουσα: Θεοδωροπούλου Έλενα 
260 |c 2009 
300 |a 144 σ.;  |b πιν.;  |c 30 εκ. 
500 |a Μέλη εξεταστικής επιτροπής: Αναστάσιος Κοντάκος, Αραβέλλα Ζαχαρίου 
502 |a Διατριβή (μεταπτυχιακή) – Πανεπιστήμιο Αιγαίου, Ρόδος, 2009. 
504 |a Βιβλιογραφία: σ. 136-144 
650 0 0 |a Environmental education  |x Case studies. 
650 0 0 |a Environmental responsibility. 
650 0 0 |a Dissertations, Academic  |z Greece. 
700 1 |a Θεοδωροπούλου, Έλενα Κ.  |4 ths 
710 2 |a Πανεπιστήμιο Αιγαίου  |b Σχολή Ανθρωπιστικών Επιστημών  |b Τμήμα Επιστημών της Προσχολικής Αγωγής και του Εκπαιδευτικού Σχεδιασμού  |b Πρόγραμμα Μεταπτυχιακών Σπουδών Περιβαλλοντική Εκπαίδευση. 
852 |a INST  |b RHODES  |c DIATR  |e 20100128  |h 333.707 ΣΙΑ  |p 005400032411  |q 005400032411  |t MTXE  |y 23 
852 |a INST  |b RHODES  |c DIATR  |e 20100128  |h 333.707 ΣΙΑ  |p 005400032412  |q 005400032412  |t MTXE  |y 23 
856 |u http://hdl.handle.net/11610/15698 
901 |a BIBL4-2010-1 
909 |a Ρ  |b 159535 
909 |a Ρ  |b 159536 
924 |a ΣΙΑΜΑΓΚΑΣ  |b ΘΕΟΔΩΡΟΣ  |y ΡΟΔΟΣ  |z 2009-09 
970 |a ΚΟΖΑ  |b ΜΑΡΙΑ  |z 2010/01/27